CONTRACT-I (Record no. 9554)

MARC details
000 -LEADER
fixed length control field 00280nam a22001337a 4500
003 - CONTROL NUMBER IDENTIFIER
control field SGT
082 ## - DEWEY DECIMAL CLASSIFICATION NUMBER
Classification number 346.20954,BAN
100 ## - MAIN ENTRY--PERSONAL NAME
Personal name BANGIA,R.K
245 ## - TITLE STATEMENT
Title CONTRACT-I
260 ## - PUBLICATION, DISTRIBUTION, ETC. (IMPRINT)
Place of publication, distribution, etc FARIDABAD
Name of publisher, distributor, etc ALLAHABAD LAW AGENCY
Year of Publication 2013
300 ## - PAGE DESCRIPTION
No. of Pages 579
650 ## - SUBJECT ADDED ENTRY--TOPICAL TERM
Topical term or geographic name as entry element CONTRACT
942 ## - ADDED ENTRY ELEMENTS (KOHA)
Source of classification or shelving scheme Dewey Decimal Classification
Koha item type Books
942 ## - ADDED ENTRY ELEMENTS (KOHA)
-- 31
Holdings
Withdrawn status Lost status Source of classification or shelving scheme Damaged status Not for loan Collection code Home library Current library Shelving location Date acquired Vendor Name Cost, normal purchase price SGTU Bill Number Total Checkouts Total Renewals Full call number Accession No. (Barcode) Date last seen Date last borrowed Bill Date Koha item type Checked out
    Dewey Decimal Classification     LAW SGT Science & Social Sciences Library SGT Science & Social Sciences Library Text Book 19/07/2016 SATYAM BOOKS 290.00 SGTU 985 19 5 346.20954,BAN FL39 08/02/2025 08/02/2025 22/01/2014 Books  
    Dewey Decimal Classification   Not For Loan LAW SGT Science & Social Sciences Library SGT Science & Social Sciences Library Reference Book 19/07/2016 SATYAM BOOKS 290.00 SGTU 985     346.20954,BAN FL40 19/07/2016   22/01/2014 Books  
    Dewey Decimal Classification     LAW SGT Science & Social Sciences Library SGT Science & Social Sciences Library Text Book 19/07/2016 SATYAM BOOKS 290.00 SGTU 985 36 5 346.20954,BAN FL41 18/03/2025 04/03/2025 22/01/2014 Books  
    Dewey Decimal Classification     LAW SGT Science & Social Sciences Library SGT Science & Social Sciences Library Text Book 19/07/2016 SATYAM BOOKS 290.00 SGTU 985 20 2 346.20954,BAN FL42 10/06/2023 27/05/2023 22/01/2014 Books  
    Dewey Decimal Classification     LAW SGT Science & Social Sciences Library SGT Science & Social Sciences Library Text Book 19/07/2016 SATYAM BOOKS 290.00 SGTU 985 13 4 346.20954,BAN FL43 03/03/2025 17/02/2025 22/01/2014 Books  
    Dewey Decimal Classification     LAW SGT Science & Social Sciences Library SGT Science & Social Sciences Library Text Book 19/07/2016 SATYAM BOOKS 290.00 SGTU 985 21 6 346.20954,BAN FL44 10/06/2023 24/05/2023 22/01/2014 Books  
    Dewey Decimal Classification     LAW SGT Science & Social Sciences Library SGT Science & Social Sciences Library Text Book 19/07/2016 SATYAM BOOKS 290.00 SGTU 985 16 2 346.20954,BAN FL45 13/03/2026 13/03/2026 22/01/2014 Books 27/03/2026